000 01226nam a22002897a 4500
001 4640
003 FISKH
005 20240919135249.0
008 240918b cb ||||| |||| 00| 0 eng d
040 _aFISKH
_bKhmer
_cFISKH
_dFISKH
050 _aPZ7
082 _a800
100 _aReaksmey, Am
_eauthor
245 _aគ្រួសារខ្ញុំ /
_cBy Am Reaksmey
250 _aបោះពុម្ពលើកទី១ខែកក្កដាឆ្នាំ២០០៧
260 _aភ្នំពេញ :
_bកិច្ចសហប្រតិបត្តិការអភិវឌ្ឍន៍ប៊ែលហ្ស៊ិក ;
_c២០០៧​.
300 _a8 pages :
_bcolor illustrations ;
_c25 cm .
505 _aC
520 _aចែម បានណែនាំសមាជិកគ្រួសាររបស់គាត់ និងខ្លួនគាត់។
520 _aJem introduced his family members and himself .
521 8 _a100
_bLexile estimate
521 8 _aC
_bRaz-Plus
650 _aបងស្រីខ្ញុំ
_vរឿងនិទានកុមារ​
650 _amy sister
_vchildren's stories
942 _2ddc
_cKHB
_n0
999 _c4640
_d4640